• 首页
  • 本馆介绍
  • 公告通知
  • 最新文献
  • 馆藏检索
  • 电子资源
  • 读者导购
  • 参考咨询
  • 我的图书馆
  • 登录
  • 详细信息显示
  • 放入我的书架
  • 预约/预借图书
  • 作者相关作品
  • 分类相关作品
  • 丛书相关作品
  • 出版社相关作品

书目信息

  • 表格格式
  • 工作单格式
  • 卡片格式
题名:
有限典型群子空间轨道生成的格
    
 
作者: 万哲先 , 霍元极 著
分册:  
出版信息: 北京   科学出版社  2004
页数: 320页
开本: 24cm
丛书名: 现代数学基础丛书
单 册:
中图分类: O153.1 , O152 , O152
科图分类:
主题词: 多项式有限群--典型群--子空间--生成--格 , 格--研究 , 典型群 , 子空间 , 有限群 , 格
电子资源:
ISBN: 7-03-011203-2
000 01258nam0 2200385 450
000 01239nam0 2200373 450
000 01172nam0 2200349 450
000 01135nam0 2200337 45
005 20070529150830.25
010    @a7-03-011203-2@dCNY50.00
100    @a19961012d1996 ekmy0chiy0120 ea
101 0  @achi
102    @aCN@b110000
105    @ay z 000yy
200 1  @a有限典型群子空间轨道生成的格@AYou Xian Dian Xing Qun Zi Kong Jian Gui Dao Sheng Cheng De Ge@f万哲先,霍元极著@FWan Zhe Xian, Huo Yuan Ji Zhu
205    @a2版
210    @a北京@c科学出版社@d2004
215    @a320页@d24cm
225 2  @a现代数学基础丛书@v88
300    @a中国科学院科学出版基金资助出版
330    @a本书主要介绍有限典型群在格论和组合计数公式上的应用,论述了有限域上典型群作用下,由子空间轨道生成的格及这种格的几何性,并给出了其特征。
410  0 @12001 @a现代数学基础丛书
606 0  @a多项式有限群@x典型群@x子空间@x生成@x格
606 0  @a格@x研究
606 0  @a典型群
606 0  @a子空间
606 0  @a有限群
606 0  @a格
690    @aO153.1@v4
690    @aO152@v4
690    @aO152@v3
701  0 @a万哲先@AWan Zhe Xian@f(1927~)@4著
701  0 @a霍元极@AHuo Yuan Ji@4著
801  0 @aCN@bTAOJIN@c20070529
905    @a10447@dO152@e33=2
    
    有限典型群子空间轨道生成的格/万哲先,霍元极著.-2版 .-北京:科学出版社,2004
    320页;24cm.-(现代数学基础丛书;88)
    中国科学院科学出版基金资助出版
    
    ISBN 7-03-011203-2:CNY50.00
    本书主要介绍有限典型群在格论和组合计数公式上的应用,论述了有限域上典型群作用下,由子空间轨道生成的格及这种格的几何性,并给出了其特征。
●
相关链接 在E读中查询图书 在五车中查询图书 在当当中查询图书 在豆瓣中查询图书


正题名:有限典型群子空间轨道生成的格     索取号:O152/33=2         预约/预借

序号 登录号 条形码 馆藏地/架位号 状态 备注
1 0523044   205230445   第二样本阅览室/ [索取号:O152/33=2] 在馆    
2 0523045   205230454   第三借阅区/ [索取号:O152/33=2] 在馆    
3 0523046   205230463   第三借阅区/ [索取号:O152/33=2] 在馆    
4 0523047   205230472   第三借阅区/ [索取号:O152/33=2] 在馆    
欢迎您!
大连网信软件有限公司© 版权所有